Matemática 9º /

Guardado en:
Autor Principal: Piñeiro, Gustavo
Formato: Libro
Publicado: Buenos Aires : Santillana,2002.
Series:Santillana Hoy
Materias:
Etiquetas: Agregar Etiqueta
Sin Etiquetas, Sea el primero en etiquetar este registro!
LEADER 01337nam a22003855a 4500
001 CEM.cems018588
005 20171004100420.0
008 130507b######################000#0#####d
003 CEMS
020 |a 9504612733 
082 0 4 |a 510 
100 1 |a Piñeiro, Gustavo 
245 1 0 |a Matemática 9º /  |c Gustavo Piñeiro 
260 |a Buenos Aires :  |b Santillana,2002. 
300 |a 144p. ; 28cm. 
490 0 |a Santillana Hoy 
505 0 |a Racionales e irracionales -- Divisibilidad -- Potenciación -- Radiación -- Expresiones algebriacas -- Ecuaciones e inecuaciones -- Igualdad de triángulos -- Movimientos -- Proporcionalidad -- Funciones -- Semejanza -- Trigonometría -- Geometría -- Mediciones -- Combinatorias -- Probabilidad -- Estadísticas 
653 |a Racionales e irracionales 
653 |a Divisibilidad 
653 |a Potenciación 
653 |a Radiación 
653 |a Expresiones algebriacas 
653 |a Ecuaciones e inecuaciones 
653 |a Igualdad de triángulos 
653 |a Movimientos 
653 |a Proporcionalidad 
653 |a Funciones 
653 |a Semejanza 
653 |a Trigonometría 
653 |a Geometría 
653 |a Mediciones 
653 |a Combinatorias 
653 |a Probabilidad 
653 |a Estadísticas 
859 |a CEMS  |b BIB. CEMS - Agricultura  |h 510  |i P596  |p A2947.17  |t Ej.1